00568nam a2200169 a 450000100100000000500170001000800410002702000150006804000250008310000500010824500480015825000120020626000370021830000210025595201050027699900170038100003865220240305135410.0130417s1979 sp 000 0 spa d a8401441064 aDO-SdBNPbspacBNPHU1 aGarcía Márquez, Gabriel,b1928-20149180413aLa hojarasca /cGabriel García Márquez. a7a. ed. aBarcelona :bPlaza Janes,c1979. a140 p. ;c19 cm. 001050718MOaGRbGRcCTd2013-04-17iLF1l0o p38652-10r2020-06-25w2020-06-25y1ZNo se presta c38142d38142